Équipe de l'Atlético de Madrid Champions League 2024/2025 - Statistiques

Statistiques générales
  • Ce quiz a été pris 41 fois
  • Le résultat moyen est 19 sur 25
Statistiques - réponses
Par images Réponse % Correct
Antoine Griezmann
97%
Rodrigo De Paul
97%
Alex Witsel
94%
Conor Gallagher
94%
Jan Oblak
94%
Julián Álvarez
94%
Thomas Lemar
94%
Clément Lenglet
92%
Koke
92%
Alexander Sørloth
86%
César Azpilicueta
86%
Robin Le Normand
86%
Ángel Correa
83%
Jose María Giménez
83%
Marcos Llorente
83%
Reinildo
78%
Nahuel Molina
75%
Giuliano Simeone
69%
Pablo Barrios
69%
Samuel Lino
69%
Javi Galán
50%
Juan Musso
47%
Rodrigo Riquelme
39%
Géronimo Spina
8%
Alejandro Monserrate
3%
Aucun quiz correspondant
Distribution des résultats
% des personnes avec chaque résultat
Percentile par nombre de réponses
Votre historique - résultats
Vous n’avez pas pris ce quiz